Elemente der städtebaulichen Komposition /
Uložené v:
| Hlavný autor: | |
|---|---|
| Ďalší autori: | |
| Médium: | Kniha |
| Jazyk: | German |
| Vydavateľské údaje: |
Berlin :
VEB Verlag für Bauwesen,
1978
|
| Predmet: | |
| Tagy: |
Žiadne tagy, Buďte prvý, kto otaguje tento záznam!
|
MARC
| LEADER | 00000nam a22000003a 4500 | ||
|---|---|---|---|
| 001 | 0116022 | ||
| 003 | SK-STU | ||
| 005 | 20250617135751.0 | ||
| 007 | ta | ||
| 008 | 250617s ----xo-----e------000-0-----d | ||
| 040 | |a STU |b slo | ||
| 041 | 0 | |a ger | |
| 044 | |a gw | ||
| 100 | 1 | |a Wejchert, Kazimierz |4 aut | |
| 245 | 1 | 0 | |a Elemente der städtebaulichen Komposition / |c aut. Kazimierz Wejchert ; ed. Werner Rietdorf |
| 260 | |a Berlin : |b VEB Verlag für Bauwesen, |c 1978 | ||
| 300 | |a 251 s. |b 739 obr. | ||
| 650 | 0 | 7 | |a urbanizmus a územné plánovanie |
| 650 | 0 | 7 | |a urbanizmus - teória |
| 650 | 0 | 7 | |a kompozícia urbanistická |
| 650 | 0 | 7 | |a urbanistický priestor |
| 650 | 0 | 7 | |a farba |
| 650 | 0 | 7 | |a svetlo |
| 650 | 0 | 7 | |a interiéry |
| 650 | 0 | 7 | |a zeleň v meste |
| 650 | 0 | 7 | |a fasády |
| 650 | 0 | 7 | |a architektúra ulice |
| 650 | 0 | 7 | |a mestské štvrte |
| 650 | 0 | 7 | |a Európa |
| 700 | 1 | |a Rietdorf, Werner |4 edt | |
| 996 | |b 284AU10438 |c A* 13613/U |l AAKNAR |s A |a 24 |w 0116022_0001 | ||